Writing fashion in early modern Italy : from sprezzatura to satire

Αποθηκεύτηκε σε:
Λεπτομέρειες βιβλιογραφικής εγγραφής
Κύριος συγγραφέας: Paulicelli, Eugenia 1958-
Μορφή: Βιβλίο
Γλώσσα:English
Δημοσίευση: Farnham, Surrey : Ashgate, 2014.
Σειρά:Visual culture in early modernity
Θέματα:
Ετικέτες: Προσθήκη ετικέτας
Δεν υπάρχουν, Καταχωρήστε ετικέτα πρώτοι!

MARC

LEADER 00000nam a2200000 a 4500
001 1/111014
008 160606s2014####enka||||||||||||| ||eng||
020 |a 9781472411709  
040 |a GR-MyUa  |b gre  |c GR-MyUa  |e AACR2 
041 0 |a eng 
082 7 |a 746.92   |2 (23)  
100 1 |a Paulicelli, Eugenia  |d 1958- 
245 1 0 |a Writing fashion in early modern Italy :   |b from sprezzatura to satire /   |c Eugenia Paulicelli.  
260 |a Farnham, Surrey :   |b Ashgate,   |c 2014.  
300 |a v, 261 σ. :   |b εικ. ;   |c 2014.  
490 1 |a (Visual culture in early modernity)  
504 |a Περιέχει βιβλιογραφία και ευρετήριο.  
650 0 |a Fashion writing  |z Italy  |x History  |z 16th century. 
650 0 |a Fashion writing  |z Italy  |x History  |z 17th century. 
650 0 |a Fashion in literature. 
830 0 |a Visual culture in early modernity 
852 |a INST  |b LESVOS  |e 20160606  |h 746.92 PAU  |p 005100058104  |q 005100058104  |t BK  |y 0 
922 |a 1ΕΛΗ  |b 2016/05  |c Τμήμα Κοινωνικής Ανθρωπολογίας και Ιστορίας  |d Δρες 
970 |a Καμάτσου  |b Δέσποινα  |z 06-06-2016